| 000 | 00712nam a2200205 i 4500 | ||
|---|---|---|---|
| 001 | 133897 | ||
| 003 | ES-MaACL | ||
| 005 | 20230906194545.0 | ||
| 007 | t| | ||
| 008 | 070903s1946 sp ||||1| spa d | ||
| 100 | 1 |
_aWalters, Waltman. _9116017 |
|
| 245 | 1 | 0 |
_aCarcinoma y otras lesiones malignas del estómago / _cpor Waltman Walters, Howard K. Gray, James T. Priestley ; traducción del inglés revisada por E. Vidal-Colomer. |
| 250 | _a1ª ed. | ||
| 260 |
_aBarcelona : _bSalvat, _c1946. |
||
| 300 |
_aXIX, 503 p., 4 lám. : _bil. ; _c25 cm. |
||
| 700 | 1 |
_aGray, Howard K. _959798 |
|
| 700 | 1 |
_aPrietsley, James T. _993955 |
|
| 700 | 1 |
_aVidal-Colomer, E. _9114474 |
|
| 852 |
_aES-MaACL _jE-1738 _bR.22560 |
||
| 999 |
_c133897 _d133897 |
||